000 00424nam a2200169Ia 4500
003 GCL
008 140319s9999 xx 000 0 ara d
040 _aGCL /
_cGCL
082 0 4 _aط
_b607
_bد ك
100 1 _aدار الشروق
245 1 0 _aالقاطرة /
_cدار الشروق
300 _aمتعدد
490 _aكيف يعمل
_v0
650 0 4 _aالاطفال
650 0 4 _aالقطارات
942 _2ddc
_cBK
999 _c44394
_d44394